| 000 | 00672cam a2200145 4500500 | ||
|---|---|---|---|
| 005 | 20251228073739.0 | ||
| 041 | _afre | ||
| 042 | _adc | ||
| 100 | 1 | 0 |
_aMarcadé, Jean _eauthor |
| 245 | 0 | 0 | _aStrocka Volcker Michael, Meisterwerke, Internationales Symposion anlässlich des 150. Geburtstages von Adolf Furtwängler (Freiburg im Breisgau, 30 Juni - 3 Juli 2003), Munich, Hirmer, 2005, 1 vol. 22 × 30, 352 p., nombr. fig. N/B ds t. |
| 260 | _c2007. | ||
| 500 | _a4 | ||
| 786 | 0 | _nRevue archéologique | 44 | 2 | 2007-12-01 | p. 319za-438za | 0035-0737 | |
| 856 | 4 | 1 | _uhttps://shs.cairn.info/revue-archeologique-2007-2-page-319za?lang=fr&redirect-ssocas=7080 |
| 999 |
_c1595862 _d1595862 |
||